[Event "POL-chT 2nd League-3 2020"]
[Site "Poronin"]
[Date "2020.09.12"]
[Round "8.17"]
[White "Maka, Marcin"]
[Black "Kurpiewski, Slawomir"]
[Result "1/2-1/2"]
[WhiteElo "2124"]
[BlackElo "1943"]
[Annotator "ChessBase"]
[PlyCount "26"]
[EventDate "2020.09.05"]
[EventType "team-tourn"]
[EventCountry "POL"]
[SourceTitle "playchess.com"]
[Source "ChessBase"]
[SourceQuality "1"]
[WhiteTeam "LKSz Lublin"]
[BlackTeam "KSz Skoczek Siedlce"]
[WhiteTeamCountry "POL"]
[BlackTeamCountry "POL"]
[TimeControl "40/5400+30:900+30"]

1. e4 {[%emt 0:00:00]} e5 {[%emt 0:00:00]} 2. Nf3 {[%emt 0:00:00]} Nc6 {[%emt 0:00:00]} 3. Bb5 {[%emt 0:00:00]} a6 {[%emt 0:00:00]} 4. Ba4 {[%emt 0:00:00]} Nf6 {[%emt 0:00:07]} 5. d3 {[%emt 0:00:00]} d6 {[%emt 0:00:19]} 6. c3 {[%emt 0:00:00]} g6 {[%emt 0:00:46]} 7. Nbd2 {[%emt 0:00:00]} Bg7 {[%emt 0:00:12]} 8. Nf1 {[%emt 0:00:03]} O-O {[%emt 0:00:14]} 9. Ng3 {[%emt 0:00:08]} b5 {[%emt 0:08:39]} 10. Bc2 {[%emt 0:02:07]} d5 {[%emt 0:00:53]} 11. a4 {[%emt 0:03:09]} dxe4 {[%emt 0:01:55]} 12. dxe4 {[%emt 0:00:28]} Qxd1+ {[%emt 0:00:13]} 13. Bxd1 {[%emt 0:00:08]} Bb7 {[%emt 0:00:35]} 1/2-1/2

[Event "POL-chT 2nd League-3 2020"]
[Site "Poronin"]
[Date "2020.09.12"]
[Round "8.19"]
[White "Polok, Kacper"]
[Black "Bilczewski, Kacper"]
[Result "0-1"]
[WhiteElo "2288"]
[BlackElo "2101"]
[Annotator "TA"]
[PlyCount "100"]
[EventDate "2020.09.05"]
[EventType "team-tourn"]
[EventCountry "POL"]
[SourceTitle "playchess.com"]
[Source "ChessBase"]
[SourceQuality "1"]
[WhiteTeam "KS SILESIA II Raciborz"]
[BlackTeam "UKS Ognisko Rydultowy"]
[WhiteTeamCountry "POL"]
[BlackTeamCountry "POL"]

{[%evp 14,100,5,-28,80,83,83,71,68,79,78,76,72,76,80,58,67,-31,-28,-19,-22,-35,-29,-60,13,22,7,0,20,23,23,0,0,0,0,0,14,16,57,57,65,65,59,40,61,9,25,24,17,0,0,0,7,0,0,0,0,0,0,0,0,0,0,0,0,-43,-137,-181,-173,-190,-164,-163,-171,-696,-686,-699,-666,-646,-646,-672,-661,-906,-903,-891,-877,-861,-845,-757,-696]} 1. e4 c5 2. Nc3 a6 3. g3 b5 4. Bg2 Bb7 5. d3 e6 6. Nf3 d6 7. O-O Nf6 8. Nh4 Be7 {[#] B40: Sicilian: 2...e6, Unusual lines.} (8... Nc6 $11) 9. e5 $1 $16 {[%mdl 64] Discovered Attack} Bxg2 10. exf6 Bxf1 {White is better.} 11. fxe7 Qxe7 {Threatens to win with ...Bh3.} 12. Qxf1 {[#]} d5 $146 ({Predecessor:} 12... O-O 13. Qe2 f5 14. Nf3 h6 15. Bd2 Nc6 16. Re1 Rae8 17. Qd1 Qf7 18. Ne2 e5 {1-0 (48) Volkov,S (2035)-Nagy,C (2077) Hungary 2007}) 13. f4 O-O 14. f5 Nc6 15. f6 ({White should try} 15. Qf2 $14) 15... Qxf6 $15 16. Qxf6 gxf6 17. Bh6 Rfe8 18. g4 Ne5 ({Black should play} 18... Nd4 $15) 19. h3 $11 b4 20. Ne2 c4 21. d4 Nd7 22. Nf4 a5 23. Nhg2 a4 24. Ne3 Rec8 25. Ne2 b3 {...a3 is the strong threat.} 26. a3 $1 bxc2 27. Nxc2 Nb8 28. Rf1 {[%mdl 1024] White has compensation.} Nc6 29. Bd2 (29. Rxf6 $14 Rcb8 30. Bc1) 29... Rab8 30. Bc3 h5 31. Ng3 hxg4 $1 32. hxg4 Kf8 33. Rxf6 Ke7 34. Rf4 Rg8 35. Kg2 f6 36. Nb4 Nxb4 37. Bxb4+ Kf7 38. Kh3 Rg6 39. Nh5 Rh8 40. Bd6 Ke8 41. Kh4 Kd7 42. Bb4 {[#]} f5 $1 {[%mdl 512]} 43. g5 $2 (43. Ba5) (43. gxf5 Rgh6) 43... Ke8 $19 {Black is clearly winning.} 44. Bd6 Kf7 45. Be5 Rh7 46. Rf2 Rg8 47. Bf6 Kg6 48. Kg3 Rxh5 49. Kf4 Rc8 50. Rc2 Rc6 {Accuracy: White = 70%, Black = 88%.} 0-1

[Event "POL-chT 2nd League-3 2020"]
[Site "Poronin"]
[Date "2020.09.12"]
[Round "8.20"]
[White "Samborski, Henryk"]
[Black "Wieczorek, Zbigniew"]
[Result "1/2-1/2"]
[WhiteElo "2069"]
[BlackElo "2208"]
[Annotator "ChessBase"]
[PlyCount "62"]
[EventDate "2020.09.05"]
[EventType "team-tourn"]
[EventCountry "POL"]
[SourceTitle "playchess.com"]
[Source "ChessBase"]
[SourceQuality "1"]
[WhiteTeam "UKS Ognisko Rydultowy"]
[BlackTeam "KS SILESIA II Raciborz"]
[WhiteTeamCountry "POL"]
[BlackTeamCountry "POL"]
[TimeControl "40/5400+30:900+30"]

1. e4 {[%emt 0:00:00]} g6 {[%emt 0:00:00]} 2. d4 {[%emt 0:00:00]} Bg7 {[%emt 0:00:00]} 3. Nf3 {[%emt 0:00:04]} c6 {[%emt 0:00:56]} 4. Bd3 {[%emt 0:01:42]} d5 {[%emt 0:00:21]} 5. Nbd2 {[%emt 0:08:18]} Bg4 {[%emt 0:10:24]} 6. c3 {[%emt 0:00:42]} dxe4 {[%emt 0:07:36]} 7. Nxe4 {[%emt 0:00:31]} Nf6 {[%emt 0:02:04]} 8. h3 {[%emt 0:00:43]} Bxf3 {[%emt 0:01:28]} 9. Nxf6+ {[%emt 0:01:09]} Bxf6 {[%emt 0:01:56]} 10. Qxf3 {[%emt 0:00:07]} Qa5 {[%emt 0:05:26]} 11. O-O {[%emt 0:13:28]} O-O {[%emt 0:00:46]} 12. Re1 {[%emt 0:04:12]} Nd7 {[%emt 0:01:47]} 13. Bh6 {[%emt 0:00:52]} Rfe8 {[%emt 0:00:51]} 14. Bc4 {[%emt 0:00:11]} Qf5 {[%emt 0:04:28]} 15. Qxf5 {[%emt 0:01:25]} gxf5 {[%emt 0:00:04]} 16. Re3 {[%emt 0:00:12]} e6 {[%emt 0:00:20]} 17. g4 {[%emt 0:05:44]} fxg4 {[%emt 0:08:26]} 18. hxg4 {[%emt 0:00:32]} Bg7 {[%emt 0:04:42]} 19. Bg5 {[%emt 0:05:32]} h6 {[%emt 0:02:31]} 20. Bh4 {[%emt 0:04:44]} Nb6 {[%emt 0:03:41]} 21. Bb3 {[%emt 0:00:20]} a5 {[%emt 0:01:17]} 22. a3 {[%emt 0:00:22]} a4 {[%emt 0:01:23]} 23. Ba2 {[%emt 0:00:30]} Nd5 {[%emt 0:04:35]} 24. Re4 {[%emt 0:00:51]} f5 {[%emt 0:04:03]} 25. gxf5 {[%emt 0:00:21]} exf5 {[%emt 0:00:34]} 26. Rf4 {[%emt 0:03:41]} Re4 {[%emt 0:03:10]} 27. Rxe4 {[%emt 0:06:04]} fxe4 {[%emt 0:00:04]} 28. Re1 {[%emt 0:00:59]} Re8 {[%emt 0:00:04]} 29. Bb1 {[%emt 0:01:06]} e3 {[%emt 0:00:45]} 30. fxe3 {[%emt 0:09:10]} Rxe3 {[%emt 0:00:37]} 31. Kf2 {[%emt 0:01:04]} Rxe1 {[%emt 0:02:26]} 1/2-1/2

[Event "POL-chT 2nd League-3 2020"]
[Site "Poronin"]
[Date "2020.09.12"]
[Round "8.21"]
[White "Jaworski, Miroslaw"]
[Black "Lamza, Zenon"]
[Result "1/2-1/2"]
[WhiteElo "2196"]
[BlackElo "2220"]
[Annotator "ChessBase"]
[PlyCount "39"]
[EventDate "2020.09.05"]
[EventType "team-tourn"]
[EventCountry "POL"]
[SourceTitle "playchess.com"]
[Source "ChessBase"]
[SourceQuality "1"]
[WhiteTeam "KS SILESIA II Raciborz"]
[BlackTeam "UKS Ognisko Rydultowy"]
[WhiteTeamCountry "POL"]
[BlackTeamCountry "POL"]
[TimeControl "40/5400+30:900+30"]

1. d4 {[%emt 0:00:00]} Nf6 {[%emt 0:00:00]} 2. c4 {[%emt 0:00:00]} g6 {[%emt 0:00:00]} 3. Nc3 {[%emt 0:00:00]} Bg7 {[%emt 0:00:08]} 4. e4 {[%emt 0:00:10]} d6 {[%emt 0:00:29]} 5. f4 {[%emt 0:00:16]} O-O {[%emt 0:01:26]} 6. Nf3 {[%emt 0:00:06]} c5 {[%emt 0:00:20]} 7. dxc5 {[%emt 0:00:24]} Qa5 {[%emt 0:01:29]} 8. Bd3 {[%emt 0:00:14]} Qxc5 {[%emt 0:00:09]} 9. Qe2 {[%emt 0:00:09]} Nc6 {[%emt 0:08:09]} 10. Be3 {[%emt 0:00:11]} Qh5 {[%emt 0:01:12]} 11. O-O {[%emt 0:00:36]} Ng4 {[%emt 0:00:50]} 12. Bc1 {[%emt 0:17:44]} Bd4+ {[%emt 0:01:48]} 13. Kh1 {[%emt 0:00:24]} Nb4 {[%emt 0:11:00]} 14. Nd1 {[%emt 0:05:09]} Nxd3 {[%emt 0:15:56]} 15. Qxd3 {[%emt 0:00:16]} Bb6 {[%emt 0:00:06]} 16. Ne3 {[%emt 0:11:03]} Be6 {[%emt 0:08:41]} 17. Nxg4 {[%emt 0:03:27]} Qxg4 {[%emt 0:02:54]} 18. Ng5 {[%emt 0:04:55]} Rac8 {[%emt 0:01:16]} 19. b3 {[%emt 0:03:14]} Bd7 {[%emt 0:04:34]} 20. h3 {[%emt 0:25:30]} 1/2-1/2

[Event "POL-chT 2nd League-3 2020"]
[Site "Poronin"]
[Date "2020.09.12"]
[Round "8.22"]
[White "Radecki, Adam"]
[Black "Helis, Tadeusz"]
[Result "1/2-1/2"]
[WhiteElo "2002"]
[BlackElo "2157"]
[Annotator "ChessBase"]
[PlyCount "136"]
[EventDate "2020.09.05"]
[EventType "team-tourn"]
[EventCountry "POL"]
[SourceTitle "playchess.com"]
[Source "ChessBase"]
[SourceQuality "1"]
[WhiteTeam "UKS Ognisko Rydultowy"]
[BlackTeam "KS SILESIA II Raciborz"]
[WhiteTeamCountry "POL"]
[BlackTeamCountry "POL"]
[TimeControl "40/5400+30:900+30"]

1. e4 {[%emt 0:00:00]} c5 {[%emt 0:00:00]} 2. Nf3 {[%emt 0:00:00]} Nc6 {[%emt 0:00:00]} 3. d3 {[%emt 0:00:34]} g6 {[%emt 0:00:32]} 4. g3 {[%emt 0:01:25]} Bg7 {[%emt 0:00:03]} 5. Bg2 {[%emt 0:00:07]} d6 {[%emt 0:00:18]} 6. O-O {[%emt 0:00:19]} Nf6 {[%emt 0:01:02]} 7. Nc3 {[%emt 0:00:50]} O-O {[%emt 0:00:09]} 8. Ne2 {[%emt 0:04:42]} d5 {[%emt 0:01:10]} 9. exd5 {[%emt 0:00:48]} Nxd5 {[%emt 0:00:04]} 10. d4 {[%emt 0:00:33]} cxd4 {[%emt 0:03:25]} 11. Nexd4 {[%emt 0:00:27]} Nxd4 {[%emt 0:02:50]} 12. Nxd4 {[%emt 0:00:12]} Nb6 {[%emt 0:07:41]} 13. c3 {[%emt 0:02:36]} Rb8 {[%emt 0:03:47]} 14. Qe2 {[%emt 0:01:46]} e5 {[%emt 0:00:48]} 15. Nb3 {[%emt 0:00:34]} Be6 {[%emt 0:00:26]} 16. Rd1 {[%emt 0:00:40]} Qc8 {[%emt 0:03:29]} 17. Be3 {[%emt 0:01:54]} Re8 {[%emt 0:05:55]} 18. Nc5 {[%emt 0:03:41]} Bc4 {[%emt 0:01:57]} 19. Qe1 {[%emt 0:00:20]} f5 {[%emt 0:00:05]} 20. Nd3 {[%emt 0:07:31]} Bf7 {[%emt 0:04:16]} 21. Bxb6 {[%emt 0:00:31]} axb6 {[%emt 0:00:03]} 22. Nb4 {[%emt 0:00:13]} e4 {[%emt 0:03:50]} 23. Bf1 {[%emt 0:00:49]} Qc5 {[%emt 0:00:53]} 24. Qe3 {[%emt 0:04:27]} Red8 {[%emt 0:05:41]} 25. Be2 {[%emt 0:04:11]} Bf8 {[%emt 0:00:57]} 26. Nc2 {[%emt 0:19:11]} Rxd1+ {[%emt 0:03:19]} 27. Bxd1 {[%emt 0:03:12]} Rd8 {[%emt 0:00:13]} 28. Nd4 {[%emt 0:01:38]} Bg7 {[%emt 0:00:33]} 29. Nb3 {[%emt 0:01:28]} Qxe3 {[%emt 0:01:30]} 30. fxe3 {[%emt 0:00:08]} Bh6 {[%emt 0:00:09]} 31. Kf2 {[%emt 0:00:10]} Rd3 {[%emt 0:00:32]} 32. Bc2 {[%emt 0:03:43]} Rxe3 {[%emt 0:00:03]} 33. Nd4 {[%emt 0:00:28]} f4 {[%emt 0:00:46]} 34. gxf4 {[%emt 0:00:09]} Bxf4 {[%emt 0:00:51]} 35. Ne2 {[%emt 0:01:09]} Bh6 {[%emt 0:00:52]} 36. Ng3 {[%emt 0:00:09]} Bd5 {[%emt 0:01:17]} 37. Rd1 {[%emt 0:01:33]} Bc6 {[%emt 0:00:03]} 38. Bb3+ {[%emt 0:13:00]} Kg7 {[%emt 0:07:40]} 39. Bd5 {[%emt 0:00:11]} Bxd5 {[%emt 0:14:51]} 40. Rxd5 {[%emt 0:00:00]} Rd3 {[%emt 0:00:00]} 41. Re5 {[%emt 0:00:59]} Rd2+ {[%emt 0:00:40]} 42. Ne2 {[%emt 0:00:03]} e3+ {[%emt 0:00:30]} 43. Kf3 {[%emt 0:00:05]} Rxb2 {[%emt 0:01:24]} 44. Re7+ {[%emt 0:00:11]} Kg8 {[%emt 0:00:28]} 45. Rxb7 {[%emt 0:00:25]} Bf8 {[%emt 0:01:51]} 46. Kxe3 {[%emt 0:01:37]} Bc5+ {[%emt 0:00:11]} 47. Kf3 {[%emt 0:00:28]} Rxa2 {[%emt 0:00:02]} 48. h3 {[%emt 0:00:49]} Rd2 {[%emt 0:00:19]} 49. Nf4 {[%emt 0:01:29]} Rd6 {[%emt 0:10:37]} 50. Ke4 {[%emt 0:01:56]} g5 {[%emt 0:02:33]} 51. Nh5 {[%emt 0:00:16]} Rh6 {[%emt 0:03:26]} 52. Ng3 {[%emt 0:00:06]} Rxh3 {[%emt 0:00:26]} 53. Nf5 {[%emt 0:00:06]} Rxc3 {[%emt 0:00:32]} 54. Rg7+ {[%emt 0:00:07]} Kf8 {[%emt 0:04:16]} 55. Rxh7 {[%emt 0:00:23]} g4 {[%emt 0:01:13]} 56. Rg7 {[%emt 0:00:20]} Rc4+ {[%emt 0:01:10]} 57. Kd5 {[%emt 0:02:02]} Rf4 {[%emt 0:01:58]} 58. Rg5 {[%emt 0:00:27]} Ba3 {[%emt 0:02:04]} 59. Nh6 {[%emt 0:01:09]} b5 {[%emt 0:01:07]} 60. Rxg4 {[%emt 0:00:45]} Rf3 {[%emt 0:01:49]} 61. Ke4 {[%emt 0:02:37]} Rf6 {[%emt 0:00:39]} 62. Rg8+ {[%emt 0:00:56]} Ke7 {[%emt 0:00:03]} 63. Nf5+ {[%emt 0:00:12]} Kd7 {[%emt 0:00:25]} 64. Nd4 {[%emt 0:00:33]} b4 {[%emt 0:00:53]} 65. Nc2 {[%emt 0:01:10]} Bc1 {[%emt 0:01:31]} 66. Rb8 {[%emt 0:00:05]} Bd2 {[%emt 0:00:25]} 67. Nxb4 {[%emt 0:00:20]} Rf4+ {[%emt 0:00:23]} 68. Ke5 {[%emt 0:00:05]} Rxb4 1/2-1/2

[Event "POL-chT 2nd League-3 2020"]
[Site "Poronin"]
[Date "2020.09.12"]
[Round "8.23"]
[White "Sochacki, Zenon"]
[Black "Panek, Bartosz"]
[Result "0-1"]
[WhiteElo "1885"]
[BlackElo "1979"]
[Annotator "NA"]
[PlyCount "54"]
[EventDate "2020.09.05"]
[EventType "team-tourn"]
[EventCountry "POL"]
[SourceTitle "playchess.com"]
[Source "ChessBase"]
[SourceQuality "1"]
[WhiteTeam "KS SILESIA II Raciborz"]
[BlackTeam "UKS Ognisko Rydultowy"]
[WhiteTeamCountry "POL"]
[BlackTeamCountry "POL"]
[TimeControl "40/5400+30:900+30"]

1. d4 {[%emt 0:00:00]} Nf6 {[%emt 0:00:00]} 2. c4 {[%emt 0:00:00]} e5 {[%emt 0:00:00]} 3. dxe5 {[%emt 0:00:35]} Ng4 {[%emt 0:00:00]} 4. Bf4 {[%emt 0:00:26]} g5 {[%emt 0:00:08]} 5. Bg3 {[%emt 0:00:17]} Nc6 {[%emt 0:00:09]} 6. Nf3 {[%emt 0:00:11]} Bg7 {[%emt 0:00:15]} 7. Nc3 {[%emt 0:01:04]} Ngxe5 {[%emt 0:00:12]} 8. Nxe5 {[%emt 0:00:46]} Nxe5 {[%emt 0:00:07]} 9. e3 {[%emt 0:01:09]} d6 {[%emt 0:00:14]} 10. h4 {[%emt 0:00:39]} g4 {[%emt 0:00:06]} 11. h5 {[%emt 0:00:38]} h6 {[%emt 0:00:43]} 12. Qc2 {[%emt 0:05:03]} Be6 {[%emt 0:21:03]} 13. Bh4 {[%emt 0:23:47]} Bf6 {[%emt 0:00:44]} 14. Bxf6 {[%emt 0:04:11]} Qxf6 {[%emt 0:00:06]} 15. Ne4 {[%emt 0:02:13]} Qg7 {[%emt 0:07:32]} 16. Ng3 {[%emt 0:00:40]} O-O {[%emt 0:07:48]} 17. Be2 {[%emt 0:06:12]} f5 {[%emt 0:00:05]} 18. O-O {[%emt 0:00:44]} f4 {[%emt 0:00:23]} 19. exf4 {[%emt 0:00:06]} Rxf4 {[%emt 0:00:16]} 20. b3 {[%emt 0:00:09]} Raf8 {[%emt 0:08:44]} 21. Rad1 {[%emt 0:01:10]} Qg5 {[%emt 0:10:58]} 22. Bd3 {[%emt 0:10:01]} Bf7 {[%emt 0:03:34]} 23. Be4 {[%emt 0:01:25]} Bxh5 {[%emt 0:01:21]} 24. Bxb7 {[%emt 0:00:31]} Bg6 {[%emt 0:00:19]} 25. Qe2 {[%emt 0:03:11]} h5 {[%emt 0:02:57]} 26. Ne4 {[%emt 0:02:26]} Bxe4 {[%emt 0:01:07]} 27. Bxe4 {[%emt 0:00:22]} Rxe4 {[%emt 0:00:18]} 0-1

[Event "POL-chT 2nd League-3 2020"]
[Site "Poronin"]
[Date "2020.09.12"]
[Round "8.24"]
[White "Stebel, Agata"]
[Black "Suchanek, Paulina"]
[Result "1-0"]
[WhiteElo "1871"]
[BlackElo "1555"]
[Annotator "NA"]
[PlyCount "59"]
[EventDate "2020.09.05"]
[EventType "team-tourn"]
[EventCountry "POL"]
[SourceTitle "playchess.com"]
[Source "ChessBase"]
[SourceQuality "1"]
[WhiteTeam "UKS Ognisko Rydultowy"]
[BlackTeam "KS SILESIA II Raciborz"]
[WhiteTeamCountry "POL"]
[BlackTeamCountry "POL"]
[TimeControl "40/5400+30:900+30"]

1. e4 {[%emt 0:00:00]} e6 {[%emt 0:00:00]} 2. d3 {[%emt 0:00:00]} d5 {[%emt 0:00:00]} 3. Nd2 {[%emt 0:00:00]} Nd7 {[%emt 0:01:04]} 4. Ngf3 {[%emt 0:00:03]} dxe4 {[%emt 0:01:04]} 5. dxe4 {[%emt 0:00:26]} Ngf6 {[%emt 0:02:30]} 6. e5 {[%emt 0:03:36]} Ng4 {[%emt 0:07:55]} 7. Qe2 {[%emt 0:05:01]} Be7 {[%emt 0:11:54]} 8. h3 {[%emt 0:04:56]} Nh6 {[%emt 0:02:25]} 9. g4 {[%emt 0:03:31]} b6 {[%emt 0:03:27]} 10. Ne4 {[%emt 0:11:24]} Bb7 {[%emt 0:03:15]} 11. Bxh6 {[%emt 0:05:38]} gxh6 {[%emt 0:00:09]} 12. O-O-O {[%emt 0:04:44]} Qc8 {[%emt 0:05:26]} 13. Qe3 {[%emt 0:04:36]} a5 {[%emt 0:04:20]} 14. Bb5 {[%emt 0:03:35]} c6 {[%emt 0:02:49]} 15. Bc4 {[%emt 0:04:05]} c5 {[%emt 0:04:20]} 16. Nd6+ {[%emt 0:07:28]} Bxd6 {[%emt 0:00:04]} 17. Rxd6 {[%emt 0:01:50]} Bxf3 {[%emt 0:02:40]} 18. Qxf3 {[%emt 0:02:17]} Nxe5 {[%emt 0:00:17]} 19. Qf6 {[%emt 0:02:06]} Nxc4 {[%emt 0:09:46]} 20. Qxh8+ {[%emt 0:02:26]} Ke7 {[%emt 0:00:08]} 21. Qxc8 {[%emt 0:00:17]} Rxc8 {[%emt 0:00:06]} 22. Rd3 {[%emt 0:00:45]} Rg8 {[%emt 0:02:16]} 23. f4 {[%emt 0:03:10]} Nd6 {[%emt 0:01:29]} 24. Rhd1 {[%emt 0:01:05]} Ne4 {[%emt 0:01:29]} 25. Rd7+ {[%emt 0:02:06]} Kf6 {[%emt 0:00:09]} 26. Re1 {[%emt 0:01:19]} Nf2 {[%emt 0:04:25]} 27. Re3 {[%emt 0:01:46]} h5 {[%emt 0:03:55]} 28. g5+ {[%emt 0:01:36]} Kg6 {[%emt 0:00:59]} 29. Rd2 {[%emt 0:01:09]} Nh1 {[%emt 0:01:12]} 30. Rh2 {[%emt 0:00:45]} 1-0

[Event "POL-chT 2nd League-3 2020"]
[Site "Poronin"]
[Date "2020.09.13"]
[Round "9.2"]
[White "Karwowski, Kacper"]
[Black "Samborski, Henryk"]
[Result "1-0"]
[WhiteElo "2190"]
[BlackElo "2069"]
[Annotator "TA"]
[PlyCount "49"]
[EventDate "2020.09.05"]
[EventType "team-tourn"]
[EventCountry "POL"]
[SourceTitle "playchess.com"]
[Source "ChessBase"]
[SourceQuality "1"]
[WhiteTeam "GKSz Solny Grzybowo"]
[BlackTeam "UKS Ognisko Rydultowy"]
[WhiteTeamCountry "POL"]
[BlackTeamCountry "POL"]

{[%evp 26,49,35,44,189,192,227,219,229,214,231,209,1149,556,556,556,556,556,547,545,546,547,506,393,366,0]} 1. e4 g6 2. Nf3 Bg7 3. d4 c5 4. Be2 cxd4 5. Nxd4 Nc6 6. Nb3 Nf6 7. Nc3 O-O 8. O-O d6 9. Bg5 a5 10. a4 Be6 11. Kh1 Rc8 12. f4 Nb4 13. Nd4 Bc4 14. Ndb5 Nxe4 {B70: Sicilian Dragon: 6 g3 and 6 Be2 (without a later Be3).} ({Black should play} 14... Bxb5 $14 15. Bxb5 d5) 15. Nxe4 $18 {[#]} Bxb5 $146 ({Predecessor:} 15... Bxe2 16. Qxe2 Rxc2 17. Qf3 Bxb2 18. Rab1 d5 19. Nf2 Qd7 20. Rfe1 f6 21. Bh6 Rfc8 22. Nd1 {1-0 (36) Zuriel,M (2245)-Nejanky,M (2018) Montevideo 2017}) 16. Bxb5 {Hoping for c3.} ({Inferior is} 16. axb5 Nxc2 17. Nc3 Nxa1 $11) 16... Nxc2 {White is clearly better.} 17. f5 $1 gxf5 {[#]} 18. Ng3 $1 {[%cal Rg3f5]} ({Weaker is} 18. Rxf5 Nxa1 19. Qxa1 h6 $14) ({Don't play} 18. Rc1 $6 fxe4 19. Rxc2 Rxc2) 18... h6 $2 {[#]} (18... f6) 19. Bxh6 $1 {[%mdl 512]} e6 (19... Bxh6 20. Nxf5) 20. Bxg7 Kxg7 21. Rc1 Rh8 {Black hopes to continue with ...Qh4.} 22. Rxc2 Qh4 {[%csl Gh8][%cal Rh4h2] [#]} 23. Nxf5+ $1 exf5 {[%csl Gh8][%cal Rh4h2]} 24. h3 Qe4 25. Rxc8 $2 {[%mdl 32768] Black did not feel at home in the position after the opening. Accuracy: White = 57%, Black = 57%. . Loss on time!?} (25. Re2 $18 Rxh3+ 26. Kg1) 1-0

[Event "POL-chT 2nd League-3 2020"]
[Site "Poronin"]
[Date "2020.09.13"]
[Round "9.4"]
[White "Gosciniak, Maria"]
[Black "Radecki, Adam"]
[Result "1/2-1/2"]
[WhiteElo "2094"]
[BlackElo "2002"]
[Annotator "TA"]
[PlyCount "87"]
[EventDate "2020.09.05"]
[EventType "team-tourn"]
[EventCountry "POL"]
[SourceTitle "playchess.com"]
[Source "ChessBase"]
[SourceQuality "1"]
[WhiteTeam "GKSz Solny Grzybowo"]
[BlackTeam "UKS Ognisko Rydultowy"]
[WhiteTeamCountry "POL"]
[BlackTeamCountry "POL"]

{[%evp 9,87,35,43,-2,0,-16,-6,-47,0,-39,-22,-53,-58,-87,-16,-54,19,31,25,25,21,20,27,31,27,22,20,20,28,0,0,0,0,0,7,-89,-118,-128,0,0,0,0,150,136,145,14,12,13,8,16,51,14,14,14,14,14,162,0,0,0,0,0,0,0,0,0,0,0,0,0,0,0,0,0,0,0,0,0,0,-6]} 1. e4 d6 2. d4 Nf6 3. Nc3 Nbd7 4. Be3 e5 5. f4 Be7 6. h3 {B07: Pirc Defence: Miscellaneous Systems.} c6 {[#]} 7. dxe5 $146 ({Predecessor:} 7. Nf3 Qa5 8. Bd3 O-O 9. Qd2 exf4 10. Bxf4 d5 11. e5 Ne8 12. O-O Nc7 13. Ng5 Bxg5 14. Bxg5 {1-0 (20) Stoklasa,J (2176)-Keller,D (2159) Czechia 2013}) 7... dxe5 8. f5 O-O 9. Bd3 Bc5 10. Bxc5 Nxc5 11. Qe2 Nxd3+ (11... b5 $17 12. a3 Ba6) 12. Qxd3 Qxd3 (12... b5 $15 13. a3 Bb7) 13. cxd3 $11 Rd8 14. O-O-O b6 15. Nf3 Re8 16. g4 h6 17. Rhg1 Ba6 18. Kc2 Rad8 19. h4 h5 20. gxh5 Nxh5 21. Rg5 Nf4 {Hoping for ...f6.} 22. Rdg1 (22. f6 $11 Ne6 23. Rxe5) 22... Bxd3+ 23. Kc1 Ne2+ ({Better is} 23... g6 $1 $17 {Threatens to win with ...b5.} 24. fxg6 f6) 24. Nxe2 Bxe2 25. Nd2 $36 {[%mdl 2048] White has the initiative.} Kh8 (25... Kf8 $11) 26. R1g2 $1 $16 {[%cal Rg2e2]} ({Much worse is} 26. Rxg7 Rg8 $11) 26... Bd3 {[#]} 27. Rxg7 (27. f6 $1 $16 {Intending Rh5+ and mate.} g6 28. h5) 27... Rg8 $11 28. R7g5 Rxg5 29. hxg5 {[%mdl 4096] Endgame KRB-KRN} Kg7 30. g6 Rh8 {...Rh1+ is the strong threat.} 31. b3 Rh4 32. gxf7+ Kxf7 {[#]} (32... Kf8 $1 $11 {and Black is okay.}) 33. Rg6 $2 (33. Nf3 $1 $18 {[%cal Rf3h4]} Rxe4 34. Rd2) 33... Bxe4 {And now ...Bd5 would win.The position is equal.} 34. Nxe4 Rxe4 35. Rxc6 {KR-KR} Re2 36. a4 e4 37. Re6 Rf2 38. Rxe4 Rxf5 39. b4 Rf2 40. a5 bxa5 41. bxa5 Rf5 42. Ra4 Ke6 43. Kc2 $1 Kd6 44. Kb3 {Accuracy: White = 68%, Black = 71%.} 1/2-1/2